През сито и решето (Запис номер 103449)
[ съкратено ]
| 000 -Лидер | |
|---|---|
| Контролно поле с фиксирана дължина | 01720nam a2200385 c 4500 |
| 003 - Код на организацията, давaща контролен номер | |
| Контролно поле | BLK |
| 005 - Дата и час на последна редакция | |
| Контролно поле | 20240623004104.0 |
| 008 - Елементи от данни с фиксирана дължина | |
| fixed length control field | 180409b bul|||||r ||||||| ||bul|| |
| 010 ## - Наследен системен номер | |
| LC control number | KNG00108523000 |
| 020 ## - Международен стандартен номер на книга ISBN | |
| Международен стандартен номер на книга ISBN | 954-742-057-7 |
| -- | издат.: Слънце |
| 040 ## - Източник на каталожния запис | |
| Идентификатор на билиотеката - собственик на записа | BLK |
| 041 ## - Код за език | |
| Код за езика на текст/звукозапис или на отделно заглавие | Български |
| Код за езика КДБФ | Български |
| 080 ## - УДК | |
| Текстов определител УДК | Българска литература |
| УДК код - определител по УДК | 821.163.2 |
| УДК определител | -94 |
| УДК - код + определител | 821.163.2-94 |
| 080 ## - УДК | |
| Текстов определител УДК | Българска литература |
| УДК код - определител по УДК | 821.163.2 |
| УДК определител | (092) |
| УДК - код + определител | 821.163.2(092) |
| 080 ## - УДК | |
| Текстов определител УДК | Български белетрист, драматург, публицист |
| УДК код - определител по УДК | 929 Хайтов, Николай Александров |
| УДК определител | |
| УДК - код + определител | 929 Хайтов, Николай Александров |
| 139 ## - Редно поле | |
| Редна дума | Хайтов, Николай Александров |
| Авторски знак | Хаин - Х 21 |
| 245 10 - Сведения за заглавието | |
| Заглавие | През сито и решето |
| Подзаглавни данни | Животоописание |
| Редно поле (дума) | Николай Александров Хайтов; послесл. от Жени Панайотова Божилова. |
| 257 ## - Страна на издаване | |
| Страна на създаване/издаване | България |
| 260 ## - Област на издателските данни | |
| -- | София |
| Име на издателя, разпространителя и проч. | Слънце |
| Година на издаване | 2003 |
| Печатница | София : Инвестпрес |
| 300 ## - Физическа характеристика | |
| Страници | 464 с., 8 л. |
| Илюстрации и др. | сн. |
| Размери/Мащаб | 20 см |
| 380 ## - Жанр | |
| Жанр | Худож. лит. |
| 490 1# - СЕРИИ (Колекции) | |
| Име на серия | Прочутите |
| 500 ## - Общи забележки | |
| Забележка | Изд. е спечелило конкурс на Нац. център за кн. |
| 650 #0 - Допълнително описание по предмет – тема | |
| Основно описание – тема или топоним | Писатели, български |
| 9 (RLIN) | 241944 |
| 653 ## - Ключова дума – ненормативна | |
| Ключова дума | биографии |
| 653 ## - Ключова дума – ненормативна | |
| Ключова дума | български писатели |
| 653 ## - Ключова дума – ненормативна | |
| Ключова дума | Николай Хайтов |
| 700 1# - Други автори (авторска отговорност) | |
| Лично име | Божилова, Жени Панайотова |
| Автороска отговорност (Описва отношението между автора и произведението) | послесл. от |
| 9 (RLIN) | 363346 |
| 852 ## - Местоположение | |
| Форматна сигнатура | Цб 216426 |
| 856 4# - Електронен адрес и достъп | |
| Електронен формат | pdf - файл |
| Път до файла /url/ | |
| 856 4# - Електронен адрес и достъп | |
| Електронен формат | pdf - файл |
| Път до файла /url/ | |
| 942 ## - АРТИКУЛИ | |
| Вид на библиотечния материал | Книги |
| Скрит в OPAC | Не |
| Koha issues (borrowed), all copies | 13 |
| 944 ## - СЪЗДАВАНЕ И РЕДАКЦИЯ на ЗАПИСА | |
| Създаване/Редакция | Създаване |
| Дата на регистрацията/редакция | 23.10.2003 |
| Служител, извършил регистрацията/редакцията | |
| Статус, дата на статуса | CRON CRON |
| 944 ## - СЪЗДАВАНЕ И РЕДАКЦИЯ на ЗАПИСА | |
| Създаване/Редакция | Редакция |
| Дата на регистрацията/редакция | 07.04.2009 |
| Служител, извършил регистрацията/редакцията | |
| 999 ## - СИСТЕМНИ КОНТРОЛНИ НОМЕРА | |
| Koha biblionumber | 103449 |
| Koha biblioitemnumber | 103449 |
| Код за отписване | Код за изгубен артикул | Източник на класификационната схема | Код за повреда | Коз за рестрикции | Код за отдаване | Артикулен № | Име на библиотеката - собственик | Име на библиотеката, в която се намира в момента | Статус (Текущо местоположение) | Дата на вписване в системата | Местоположение - отдел | Цена в лева | Инвентарен номер | Систематично азбучна сигнатура | Баркод | Номер на екземпляра | Цена в евро | Служебна бележка | Служебен тип на артикула |
|---|---|---|---|---|---|---|---|---|---|---|---|---|---|---|---|---|---|---|---|
| Изтеглен | Не е изгубен | Universal Decimal Classification | Не е повреден | без рестрикции | заемане за дома | 166901 | Регионална библиотека "Любен Каравелов" Русе | Регионална библиотека "Любен Каравелов" Русе | Заемна - подръчен фонд | 2003-10-23 | Заемна - подръчен фонд | 10.00 | 120000679355 | П 886.7-9/Х 21 | 120000679355 | 1 | 5.11 | Дост: Pk Вид: Ф N: 32 Дата: 22.10.2003 Дата инв: 12.02.2018 Бележки инв: П2018 | Книги |
| Не е изгубен | Universal Decimal Classification | Не е повреден | без рестрикции | заемане за дома | 166902 | Регионална библиотека "Любен Каравелов" Русе | Регионална библиотека "Любен Каравелов" Русе | Заемна - подръчен фонд | 2003-10-23 | Заемна - подръчен фонд | 10.00 | 120000679356 | П 886.7-9/Х 21 | 120000679356 | 2 | 5.11 | Дост: Pk Вид: Ф N: 32 Дата: 22.10.2003 Дата инв: 12.02.2018 Бележки инв: П2018 | Книги | |
| Не е изгубен | Не е повреден | без рестрикции | заемане за дома | 166903 | Регионална библиотека "Любен Каравелов" Русе | Регионална библиотека "Любен Каравелов" Русе | Заемна - подръчен фонд | 2003-11-07 | Заемна - подръчен фонд | 10.00 | 120000679760 | П 886.7-9/Х 21 | 120000679760 | 3 | 5.11 | Дост: DA Вид: А N: 25 Дата: 05.11.2003 Дата инв: 12.02.2018 Бележки инв: П2018 | Книги | ||
| Не е изгубен | Не е повреден | без рестрикции | ползва се в читалня | 166904 | Регионална библиотека "Любен Каравелов" Русе | Регионална библиотека "Любен Каравелов" Русе | Хранилище | 2004-10-15 | Хранилище | 12.00 | 120000689330 | Цб 216426 | 120000689330 | 4 | 6.14 | Дост: Dp Вид: Д N: 49 Дата: 26.11.2003 | Книги |